| 000 | 00429nam a22001457a 4500 | ||
|---|---|---|---|
| 003 | OSt | ||
| 005 | 20260324122706.0 | ||
| 008 | 211116b ||||| |||| 00| 0 eng d | ||
| 040 | _cAIMIT LIBRARY | ||
| 100 |
_aFerrao, Hansel; Thomas, C G. _d191813 _910489 |
||
| 245 | _aFoot Traffic Counter / | ||
| 260 |
_aConvergent Software systems Inc., California. _bThomas c g. _c2021 |
||
| 856 | _uhttp://www.tdssinc.com | ||
| 942 |
_2ddc _cPRO |
||
| 999 |
_c220626 _d220626 |
||